| 000 | 00544nam a22001937a 4500 | ||
|---|---|---|---|
| 003 | KOHA_MİRAKIL | ||
| 005 | 20251221140616.0 | ||
| 008 | 251221b tu ||||| |||| 00| 0 tur d | ||
| 020 | _a9786058043336 | ||
| 040 |
_aTR-AnABB _btur _cTR-AnABB |
||
| 041 | _atur | ||
| 082 |
_a006.31 _bALP 2019 |
||
| 100 | 1 | _aAlpaydın, Ethem, | |
| 245 | 1 | 0 |
_aMakina öğrenmesi / _cEthem Alpaydın |
| 260 |
_aİstanbul : _bQNB Ufuk Açan Yayınları, _c2019 |
||
| 300 |
_a165 sayfa ; _c15 cm |
||
| 650 | 0 | 4 | _aMakine ile öğrenme |
| 942 |
_2ddc _cBK |
||
| 999 |
_c9840 _d9840 |
||
| 900 | _bGizem YORULMAZ | ||